Jeu de piste #1 - Statistiques

Statistiques générales
  • Ce quiz a été pris 294 fois
  • Le résultat moyen est 7 sur 10
Statistiques - réponses
Hint Réponse % Correct
1) En quelle année a eu lieu la bataille de Marignan ? 1515. Question 6.
99%
6) Combien font ... moins 1006 ? 509. Question 3
92%
3) Comment s'écrit ... en chiffres romains DIX. Question 9.
85%
9) Quel était le prénom du peintre dont le nom de famille était ... ? Otto. Question 5.
69%
2) Quelle lettre faut-il modifier dans ... pour obtenir un organe du corps humain ? H. Question 8.
66%
8) Dans quel établissement se déroule majoritairement la série ... ? Hôpital. question 4.
64%
7) Quelle fleuve coule à l'ouest de ... ? Rhin. Question 2.
64%
5) Quel pays actuel a eu un célèbre homme d'état portant le prénom ... ? Allemagne. Question 7.
63%
4) De quoi se fout ... ? Charité. Question 10.
57%
10) Quel espèce végétale rimant avec ... sert à la confection de beurre ? Karité.
43%
Aucun quiz correspondant
Distribution des résultats
% des personnes avec chaque résultat
Percentile par nombre de réponses
Votre historique - résultats
Vous n’avez pas pris ce quiz